000
00293nam a2200133Ia 4500
082
_a
610.72
_b
N12S
100
_a
SHARMA , SURESH K.
245
_a
NURSING RESEARCH & STATISTICS
250
_a
1ST
260
_b
ELSEVIER
_a
INDIA
_c
2012
300
_a
420
650
_a
NURSING
942
_2
ddc
_c
BK
_0
12
999
_c
2099
_d
2099